| 000 | 01136 a2200277 4500 | ||
|---|---|---|---|
| 020 | _a070450636X | ||
| 020 | _a9780704506367 | ||
| 090 |
_c494 _d494 |
||
| 100 | 1 | _aGoldratt, Eliyahu M. | |
| 245 | 1 | 4 |
_aThe goal / _cEliyahu M. Goldratt. |
| 250 | _a2nd ed. | ||
| 260 |
_a[S.l.] : _bGower Publishing Ltd, _c1989. |
||
| 300 |
_a288 p. ; _c23 cm. |
||
| 500 | _aPaperback. | ||
| 520 | _aA fully dramatized version of the practical guide to business in fictional form offers an ensemble cast, accompanied by sound effects and music, that reveals how businesses can enhance productivity and provide personal fulfillment. Book available. | ||
| 650 | 4 | _aManagement & Business: General. | |
| 650 | 4 | _aBusiness strategy. | |
| 650 | 4 | _aModern fiction. | |
| 650 | 4 | _aBusiness & Economics / Strategic Planning. | |
| 650 | 4 | _aFICTION / General. | |
| 650 | 4 | _aProduct management Fiction. | |
| 700 | 1 | _aCox, Jeff. | |
| 856 | 4 | 0 |
_3Amazon.com _uhttp://www.amazon.com/exec/obidos/ASIN/070450636X/chopaconline-20 |
| 856 | 4 | 0 |
_3Amazon customer reviews _uhttp://www.chopac.org/cgi-bin/tools/azrev.pl?q=070450636X |
| 942 |
_aNBS _cBK _k658.5 GOL |
||
| 999 |
_c343053 _d343053 |
||